| 000 | 00382nam a2200157 a 4500 | ||
|---|---|---|---|
| 005 | 20140414132105.0 | ||
| 008 | 100823s19uu xx 00 eng d | ||
| 050 |
_aVCD _bW93 |
||
| 100 | _aRich, Richard | ||
| 245 | _aThe Wright brothers. | ||
| 260 | _c2001. | ||
| 300 | _a30 mins / Color / Stereo | ||
| 650 | _aWright brothers | ||
| 650 | _aAirplane inventor | ||
| 999 |
_c114580 _d114580 |
||